02225nam a22002297a 450000500170000000700150001700800410003202000180007303500100009104000090010110000230011024500680013325000210020125600240022226000360024630000280028250012950031050602700160565000410187574000380191685600410195420240305165610.0cr|||| ||| 210809s2019 ca |||||s|||| 00||0 eng d a9781552215043 a34965 avLex1 aBenidickson, Jamie10aEnvironmental Lawh[Recurso electrónico] /cJamie Benidickson aQuinta Edición aServicio en línea aToronto:bIrwin Law Inc.,c2019 a1 recurso electrónico aWhile continuing to provide a comprehensive introductory guide to environmental law in Canada, this fifth edition of Environmental Law incorporates discussion of recent developments in environmental litigation and regulation alongside reference to key statutory developments from the past half decade. In addition, important updates and revisions highlight significant developments in several central areas, notably federal and provincial climate change action following the 2015 Paris Agreement and issues associated with Aboriginal consultation, the United Nations Declaration on the Rights of Indigenous Peoples, and traditional environmental knowledge. Essential developments relating to human rights and the environment at both the national and international levels have been included alongside discussion of changes in environmental valuation and compensation, liability for spills and remediation, and polluter-pays jurisprudence. Recent judicial and administrative decisions affecting environmental assessment and involving NAFTA prior to the 2018 round of Canada-US-Mexico negotiations are also covered. Chapters on toxic substances, protected areas, endangered species, and economic incentives for environmental protection also reflect current legal activity and policy proposals.1 aDisponible solo en los productos indicadosdvLex GlobaldvLex Global (Academic Edition, excluding Law Schools)dvLex Global (U.S. Academic Edition, Law Schools)dvLex Global (U.S. Academic Edition, excluding Law Schools)dvLex Global (Academic Edition, Law Schools)04aDerecho del Medio AmbientezCanadá0 avLex Libros (Servicio en línea)40uhttps://app.vlex.com/#/sources/34965